Stories of Chinese opera / (Record no. 1220)
[ view plain ]
| 000 -CABECERA | |
|---|---|
| campo de control de longitud fija | 00529cam a2200193 a 4500 |
| 001 - NÚMERO DE CONTROL | |
| campo de control | 000001277 |
| 003 - IDENTIFICADOR DEL NÚMERO DE CONTROL | |
| campo de control | DO-SdBNP |
| 005 - FECHA Y HORA DE LA ÚLTIMA TRANSACCIÓN | |
| campo de control | 20251203091641.0 |
| 008 - DATOS DE LONGITUD FIJA--INFORMACIÓN GENERAL | |
| campo de control de longitud fija | 790321s1978 ch a 001 0 eng |
| 040 ## - FUENTE DE LA CATALOGACIÓN | |
| Centro catalogador/agencia de origen | DO-SdBNP |
| Lengua de catalogación | spa |
| Centro/agencia transcriptor | BNPHU |
| 049 ## - FONDOS LOCALES (OCLC) | |
| Fondos de biblioteca | BNGR |
| 082 #4 - NÚMERO DE LA CLASIFICACIÓN DECIMAL DEWEY | |
| Número de clasificación | 782.10951 |
| Número de documento/Ítem | G297s |
| Número de edición | 22 |
| 100 1# - ENTRADA PRINCIPAL--NOMBRE DE PERSONA | |
| Nombre de persona | Gee, Tom, |
| Fechas asociadas al nombre | 1971- |
| 9 (RLIN) | 4329 |
| 245 10 - MENCIÓN DE TÍTULO | |
| Título | Stories of Chinese opera / |
| Mención de responsabilidad, etc. | Tom Gee. |
| 260 ## - PUBLICACIÓN, DISTRIBUCIÓN, ETC. | |
| Lugar de publicación, distribución, etc. | China : |
| Nombre del editor, distribuidor, etc. | Liberal Arts Press, |
| Fecha de publicación, distribución, etc. | c1978. |
| 300 ## - DESCRIPCIÓN FÍSICA | |
| Extensión | xxii, 413, xxxviii p. : |
| Otras características físicas | il. ; |
| Dimensiones | 24 cm. |
| 650 #0 - PUNTO DE ACCESO ADICIONAL DE MATERIA--TÉRMINO DE MATERIA | |
| Término de materia o nombre geográfico como elemento de entrada | Ópera |
| 9 (RLIN) | 2832 |
| 942 ## - ELEMENTOS DE PUNTO DE ACCESO ADICIONAL (KOHA) | |
| Fuente del sistema de clasificación o colocación | Dewey Decimal Classification |
| Tipo de ítem Koha | Libro |
| Estado de retiro | Estado de pérdida | Restricciones de uso | No para préstamo | Código de colección | Localización permanente | Ubicación/localización actual | Ubicación en estantería | Fecha de adquisición | Número de inventario | Total de préstamos | Signatura topográfica completa | Código de barras | Fecha visto por última vez | Precio válido a partir de | Tipo de ítem Koha |
|---|---|---|---|---|---|---|---|---|---|---|---|---|---|---|---|
| Monografías: Libros y Folletos | AYM | AYM | En catalogación | 23.03.2010 | LF1 | 782.1951 G297s | 1277-10 | 25.06.2020 | 25.06.2020 | Préstamo en sala |
